History of economic thought / (Record no. 2364)

MARC details
000 -LEADER
fixed length control field 00863nam a22002775a 4500
008 - FIXED-LENGTH DATA ELEMENTS--GENERAL INFORMATION
fixed length control field 080908t2002 maua|||frb||| 00| 0 eng d
010 ## - LIBRARY OF CONGRESS CONTROL NUMBER
LC control number 2001131522
020 ## - INTERNATIONAL STANDARD BOOK NUMBER
International Standard Book Number 0618133941
020 ## - INTERNATIONAL STANDARD BOOK NUMBER
International Standard Book Number 9780618133949
040 ## - CATALOGING SOURCE
Original cataloging agency EG-ScBUE
Language of cataloging eng
Transcribing agency EG-ScBUE
082 04 - DEWEY DECIMAL CLASSIFICATION NUMBER
Classification number 330.09
Item number LAN
Edition number 22
100 1# - MAIN ENTRY--PERSONAL NAME
Personal name Landreth, Harry.
9 (RLIN) 30902
245 10 - TITLE STATEMENT
Title History of economic thought /
Statement of responsibility, etc Harry Landreth, David C. Colander.
250 ## - EDITION STATEMENT
Edition statement 4th ed.
260 ## - PUBLICATION, DISTRIBUTION, ETC. (IMPRINT)
Place of publication, distribution, etc Boston :
Name of publisher, distributor, etc Houghton Mifflin,2002
Date of publication, distribution, etc 2002.
300 ## - PHYSICAL DESCRIPTION
Extent xxiii, 511 p. :
Other physical details ill. ;
Dimensions 24 cm.
500 ## - GENERAL NOTE
General note Index :p.(501-511)
504 ## - BIBLIOGRAPHY, ETC. NOTE
Bibliography, etc Includes bibliographical references
590 ## - LOCAL NOTE (RLIN)
Local note Menna Elemam
650 #0 - SUBJECT ADDED ENTRY--TOPICAL TERM
Topical term or geographic name as entry element Economics--
General subdivision History.
Source of heading or term BUEsh
650 #0 - SUBJECT ADDED ENTRY--TOPICAL TERM
Topical term or geographic name as entry element Economische filosofie.
Source of heading or term BUEsh.
651 ## - SUBJECT ADDED ENTRY--GEOGRAPHIC NAME
Source of heading or term BUEsh
653 ## - INDEX TERM--UNCONTROLLED
Resource For college BAEPS, Economics
Arrived date list August2015
700 1# - ADDED ENTRY--PERSONAL NAME
Personal name Colander, David C.
942 ## - ADDED ENTRY ELEMENTS (KOHA)
Item type Book - Borrowing
Call number prefix 330.09 LAN
Source of classification or shelving scheme Dewey Decimal Classification
Holdings
Withdrawn status Item status Source of classification or shelving scheme Materials specified (bound volume or other part) Damaged status Not for loan Home library Current library Shelving location Date acquired Source of acquisition Total Checkouts Full call number Barcode Date last seen Koha item type Date last borrowed Total Renewals Checked out Vendor
  Lost Dewey Decimal Classification Lost In Inventory_2005-2015/8/22     Central Library Central Library First floor 19/02/2007 Purchase 1 330.09 LAN 000001688 13/01/2008 Book - Borrowing        
    Dewey Decimal Classification       Central Library Central Library First floor 08/03/2012 Purchase 1 330.09 LAN 000009919 15/07/2025 NB - Book (Non borrowing) 21/05/2009      
    Dewey Decimal Classification       Central Library Central Library First floor 19/02/2007 Purchase 14 330.09 LAN 000009901 15/07/2025 Book - Borrowing 27/10/2024 46    
    Dewey Decimal Classification       Central Library Central Library First floor 08/09/2008 Purchase 13 330.09 LAN 000013515 03/08/2023 Book - Borrowing 03/08/2023 67 17/09/2023  
    Dewey Decimal Classification       Central Library Central Library First floor 01/03/2009   3 330.09 LAN 000015345 10/06/2018 Book - Borrowing 10/06/2018 10 14/03/2020 Baccah
    Dewey Decimal Classification       Central Library Central Library First floor 01/03/2009   13 330.09 LAN 000015344 11/05/2026 Book - Borrowing 18/10/2025 72   Baccah
    Dewey Decimal Classification       Central Library Central Library First floor 01/03/2009 Purchase 4 330.09 LAN 000015343 15/07/2025 Book - Borrowing 20/10/2020 13   Baccah